[Event "28. Schweinfurt Open"]
[Site "Schweinfurt"]
[Date "2018.06.02"]
[Round "5.3"]
[White "Hofstetter, Hans-Joachim"]
[Black "Roth, Jakob"]
[Result "1-0"]
[WhiteElo "2161"]
[BlackElo "1898"]
[PlyCount "69"]
[EventDate "2018.??.??"]
[WhiteTeam "SK 1933 Bad Neustadt"]
[BlackTeam "Spvgg 1946 Stetten"]

1. e4 e6 2. d4 d5 3. e5 c5 4. c3 Nc6 5. Nf3 Bd7 6. a3 f6 7. Bd3 fxe5 8. Nxe5
Nxe5 9. dxe5 Qh4 10. O-O Ne7 11. Nd2 Nc6 12. Nf3 Qh5 13. Re1 O-O-O 14. b4 h6
15. Be3 Nxe5 16. Nxe5 Qxe5 17. Bxc5 Qc7 18. Bxa7 Bd6 19. h3 e5 20. Be3 Kb8 21.
Qb3 g5 22. Qxd5 g4 23. hxg4 Bc6 24. Qb3 Rdg8 25. Bf5 h5 26. b5 Bd7 27. Bxd7
Qxd7 28. g5 Qg4 29. Qd5 Rg6 30. c4 Rd8 31. c5 Bc7 32. Qf7 h4 33. b6 Bxb6 34.
cxb6 Rgd6 35. Qf3 1-0

[Event "28. Schweinfurt Open"]
[Site "Schweinfurt"]
[Date "2018.06.02"]
[Round "5.4"]
[White "von Zimmermann, Georg"]
[Black "Maar, Samuel"]
[Result "1/2-1/2"]
[WhiteElo "2034"]
[BlackElo "1992"]
[PlyCount "45"]
[EventDate "2018.??.??"]
[WhiteTeam "MSA Zugzwang 82"]
[BlackTeam "Sfr. Bad Emstal/Wolfhagen"]

1. e4 c5 2. Nf3 d6 3. Bb5+ Bd7 4. Bxd7+ Nxd7 5. b3 Ngf6 6. Qe2 g6 7. Bb2 Bg7 8.
O-O O-O 9. Re1 Re8 10. d4 cxd4 11. Bxd4 Qc7 12. c4 Nc5 13. Nc3 Qd7 14. e5 Nh5
15. Bxc5 dxc5 16. Qe3 Rad8 17. Rad1 Qe6 18. Nd5 Qc8 19. h3 Bf8 20. g4 Ng7 21.
Rd2 Ne6 22. Red1 Bg7 23. Kg2 1/2-1/2

[Event "28. Schweinfurt Open"]
[Site "Schweinfurt"]
[Date "2018.06.02"]
[Round "5.5"]
[White "Baumgaertner, Frank"]
[Black "Gehrig, Thomas"]
[Result "0-1"]
[WhiteElo "1790"]
[BlackElo "2022"]
[PlyCount "88"]
[EventDate "2018.??.??"]
[WhiteTeam "Kronacher SK 1882"]
[BlackTeam "SC Maßbach 1951"]

1. d4 f5 2. c4 Nf6 3. Nc3 e6 4. g3 Be7 5. Bg2 O-O 6. Nh3 d6 7. O-O c6 8. f4 d5
9. c5 b6 10. b4 a5 11. Na4 Nfd7 12. Bd2 axb4 13. Bxb4 Na6 14. a3 bxc5 15. dxc5
Ndxc5 16. Nxc5 Nxc5 17. Rc1 Ne4 18. Rxc6 Bxb4 19. axb4 Bd7 20. Rc1 Qb6+ 21. Kh1
Qxb4 22. Rc7 Qd6 23. Qc2 Ba4 24. Qc1 Bb5 25. Re1 Bc4 26. Rb7 Nc5 27. Rb2 Ra4
28. Ng5 Rfa8 29. h4 Ra3 30. Kh2 Ra2 31. Qc3 h6 32. Nf3 Rxb2 33. Qxb2 Ra2 34.
Qb4 Bxe2 35. Nd4 Ra4 36. Qxa4 Nxa4 37. Rxe2 Nc5 38. Re5 g5 39. hxg5 hxg5 40.
Bf3 gxf4 41. gxf4 Nd3 42. Nxf5 exf5 43. Bxd5+ Kg7 44. Rxf5 Nxf4 0-1

[Event "28. Schweinfurt Open"]
[Site "Schweinfurt"]
[Date "2018.06.02"]
[Round "5.6"]
[White "Milovanovic, Milos"]
[Black "Neubauer, Jaroslaus"]
[Result "1-0"]
[WhiteElo "1829"]
[BlackElo "2020"]
[PlyCount "97"]
[EventDate "2018.??.??"]
[WhiteTeam "SF Gottmadingen"]
[BlackTeam "SK Schweinfurt 2000"]

1. e4 e5 2. Nf3 Nc6 3. Bb5 a6 4. Ba4 Nf6 5. O-O b5 6. Bb3 Be7 7. Re1 O-O 8. h3
d6 9. c3 Na5 10. Bc2 c5 11. d4 Qc7 12. Nbd2 Nd7 13. Nf1 cxd4 14. cxd4 Nb6 15.
b3 Nc6 16. Ba3 b4 17. Bb2 f6 18. Rc1 Qb7 19. g4 Na7 20. Qd2 a5 21. Bd3 Bd7 22.
Ne3 g6 23. Kh2 Nb5 24. Nc4 Bc6 25. Qe2 Bd7 26. Red1 a4 27. Rc2 axb3 28. axb3
Na3 29. Bxa3 bxa3 30. Nxb6 Qxb6 31. Bc4+ Kg7 32. dxe5 fxe5 33. Nxe5 dxe5 34.
Rxd7 Qf6 35. b4 Kh8 36. Qd2 Rad8 37. Rxd8 Rxd8 38. Bd5 Rf8 39. Qc3 Qb6 40. f4
Qa6 41. g5 Bd6 42. fxe5 Bb8 43. Bc4 Qb6 44. Kg2 h5 45. e6+ Kh7 46. e7 Rc8 47.
Qf6 Qxf6 48. gxf6 Bd6 49. Rd2 1-0

[Event "28. Schweinfurt Open"]
[Site "Schweinfurt"]
[Date "2018.06.02"]
[Round "5.7"]
[White "Kuhn, Norbert"]
[Black "Krenz, Dieter"]
[Result "1-0"]
[WhiteElo "2076"]
[BlackElo "1907"]
[PlyCount "111"]
[EventDate "2018.??.??"]
[WhiteTeam "SV Würzburg von 1865"]
[BlackTeam "SC Prichsenstadt"]

1. e4 Nf6 2. Nc3 d5 3. e5 d4 4. exf6 dxc3 5. fxg7 cxd2+ 6. Qxd2 Qxd2+ 7. Bxd2
Bxg7 8. O-O-O Nc6 9. Bb5 Bd7 10. Ne2 O-O-O 11. Bc3 Bxc3 12. Nxc3 a6 13. Ba4 h5
14. Nd5 b5 15. Bb3 Rh6 16. c3 e6 17. Nf4 Ne5 18. h4 Bc6 19. Rhe1 Ng6 20. Nxg6
Rxg6 21. g3 Rf6 22. Rxd8+ Kxd8 23. f4 Bf3 24. Bc2 Bg4 25. Re5 Kd7 26. Kd2 Kd6
27. Ke3 Rh6 28. Rg5 Rh8 29. b4 c6 30. Be4 Ra8 31. Rc5 Rc8 32. Kd4 f6 33. a4 Bd1
34. a5 Bg4 35. c4 bxc4 36. Rxc4 e5+ 37. Ke3 Rc7 38. Rc5 Bd7 39. Kd3 Be8 40. Ke3
Rg7 41. Kf3 exf4 42. Kxf4 Rg4+ 43. Kf3 Rg7 44. Bd3 Rg4 45. Rc4 Bd7 46. Rxg4
Bxg4+ 47. Kf4 Bc8 48. Be2 Kd5 49. Bxh5 Kc4 50. Bf7+ Kxb4 51. h5 c5 52. h6 c4
53. Bxc4 Kxc4 54. h7 Bd7 55. h8=Q f5 56. Qe5 1-0

[Event "28. Schweinfurt Open"]
[Site "Schweinfurt"]
[Date "2018.06.02"]
[Round "5.8"]
[White "Bardorz, Christoph"]
[Black "Schmitz, Wolfgang"]
[Result "0-1"]
[WhiteElo "1749"]
[BlackElo "2046"]
[PlyCount "70"]
[EventDate "2018.??.??"]
[WhiteTeam "TSV 1869 Rottendorf"]
[BlackTeam "SC Prichsenstadt"]

1. e4 e5 2. Nf3 d6 3. d4 exd4 4. Nxd4 Nf6 5. Nc3 Be7 6. Be2 O-O 7. O-O Re8 8.
f4 d5 9. e5 Ne4 10. Nxe4 dxe4 11. Be3 a6 12. Nb3 b6 13. Qe1 c5 14. Rd1 Qc7 15.
c3 Nd7 16. Qf2 Bb7 17. Bg4 Nf8 18. Rd2 Rad8 19. Rfd1 Rxd2 20. Rxd2 Rd8 21. c4
a5 22. Rxd8 Qxd8 23. Qe2 g6 24. g3 f5 25. Bh3 Ne6 26. g4 Nd4 27. Bxd4 cxd4 28.
gxf5 a4 29. fxg6 hxg6 30. Be6+ Kg7 31. Nd2 d3 32. Qg4 Qd4+ 33. Kf1 e3 34. Bf5
e2+ 35. Ke1 Bh4+ 0-1

[Event "28. Schweinfurt Open"]
[Site "Schweinfurt"]
[Date "2018.06.02"]
[Round "5.9"]
[White "Hohner, Karl-Heinz"]
[Black "Amtmann, Florian"]
[Result "0-1"]
[WhiteElo "1806"]
[BlackElo "2124"]
[PlyCount "62"]
[EventDate "2018.??.??"]
[WhiteTeam "(vls) Kronach"]
[BlackTeam "Spvgg 1946 Stetten"]

1. d4 Nf6 2. c4 c5 3. e3 g6 4. Nf3 Bg7 5. Nc3 O-O 6. Be2 cxd4 7. exd4 d5 8. O-O
dxc4 9. Bxc4 Nc6 10. d5 Na5 11. Be2 b6 12. Bf4 a6 13. Qd2 b5 14. Rad1 Bb7 15.
b4 Nc4 16. Bxc4 bxc4 17. Rfe1 Re8 18. a4 Rc8 19. b5 axb5 20. axb5 Nd7 21. Nd4
Nc5 22. Nc6 Qd7 23. Ne5 Bxe5 24. Bxe5 Nd3 25. Re3 f6 26. Bg3 Bxd5 27. Rb1 e5
28. b6 Rb8 29. f4 Bc6 30. Ne4 Bxe4 31. Rxe4 Qc6 0-1

[Event "28. Schweinfurt Open"]
[Site "Schweinfurt"]
[Date "2018.06.02"]
[Round "5.10"]
[White "Wiener, Horst"]
[Black "Braetz, Yannick"]
[Result "1-0"]
[WhiteElo "1941"]
[BlackElo "1685"]
[PlyCount "55"]
[EventDate "2018.??.??"]
[WhiteTeam "SK Schweinfurt 2000"]
[BlackTeam "SK Schweinfurt 2000"]

1. e4 e5 2. Nf3 Nc6 3. Bb5 Nf6 4. d3 Bc5 5. O-O d6 6. Nc3 h6 7. Be3 Bxe3 8.
fxe3 O-O 9. d4 exd4 10. exd4 Bd7 11. Qd2 a6 12. Bxc6 Bxc6 13. d5 Bd7 14. e5
dxe5 15. Nxe5 Be6 16. Rad1 Qd6 17. dxe6 Qxe5 18. exf7+ Rxf7 19. Rde1 Qc5+ 20.
Kh1 Re7 21. Rxe7 Qxe7 22. Nd5 Nxd5 23. Qxd5+ Kh7 24. Qxb7 Rf8 25. Qxa6 Qd6 26.
Qe2 Qe5 27. Qd3+ Kg8 28. Qc4+ 1-0

[Event "28. Schweinfurt Open"]
[Site "Schweinfurt"]
[Date "2018.06.02"]
[Round "5.11"]
[White "Kwossek, Martin"]
[Black "Bardorz, Jana"]
[Result "1/2-1/2"]
[WhiteElo "1875"]
[BlackElo "1622"]
[PlyCount "60"]
[EventDate "2018.??.??"]
[WhiteTeam "SC Kitzingen von 1905"]
[BlackTeam "TSV 1869 Rottendorf"]

1. d4 d5 2. Nf3 Nf6 3. Bf4 e6 4. e3 c5 5. c3 Nc6 6. Nbd2 Be7 7. h3 O-O 8. Rc1
c4 9. Qc2 b5 10. Be2 Bb7 11. O-O Bd6 12. Ne5 Qc7 13. Ndf3 Ne4 14. Nxc6 Bxf4 15.
Nce5 Bxe5 16. Nxe5 f6 17. Nf3 Bc6 18. Nd2 Nxd2 19. Qxd2 Rfb8 20. Bf3 Rb6 21.
Rfe1 Qb7 22. Qc2 b4 23. Rb1 b3 24. axb3 Rxb3 25. e4 Rb8 26. exd5 Bxd5 27. Bxd5
exd5 28. Qf5 Qf7 29. Re6 Qd7 30. Rbe1 Rf8 1/2-1/2

[Event "28. Schweinfurt Open"]
[Site "Schweinfurt"]
[Date "2018.06.02"]
[Round "5.12"]
[White "Brodt, Andreas"]
[Black "Heiduk, Christoph"]
[Result "0-1"]
[WhiteElo "1728"]
[BlackElo "1835"]
[PlyCount "104"]
[EventDate "2018.??.??"]
[WhiteTeam "SK Schweinfurt 2000"]
[BlackTeam "SC Bayerwald Regen/Zwiesel e.V."]

1. Nf3 Nf6 2. Nc3 d5 3. d4 Bf5 4. Nh4 Bg6 5. g3 e6 6. Nxg6 hxg6 7. Bg2 c5 8.
O-O Nc6 9. e3 a6 10. a3 b5 11. dxc5 Bxc5 12. b4 Bb6 13. Bb2 Qd6 14. Qe1 Ng4 15.
Ne2 Nxh2 16. Nf4 Ne5 17. Qe2 Nxf1 18. Bxf1 Ke7 19. Rd1 g5 20. Nh3 f6 21. f4 Nc4
22. Bc1 Rh7 23. Rd3 Rah8 24. Qg4 Rh5 25. Nf2 f5 26. Qf3 g4 27. Qe2 Qc7 28. Bg2
g5 29. Rd4 Bxd4 30. exd4 Kf7 31. Qd3 gxf4 32. Bxf4 Qc6 33. Bc1 Rc8 34. Qf1 Qb6
35. c3 Kg6 36. Nd3 Kf7 37. Nf4 Rhh8 38. Qd3 Nd6 39. Bd2 Ne4 40. Ne2 a5 41. Bxe4
dxe4 42. Qe3 axb4 43. axb4 Rh7 44. Qf4 e3 45. Bxe3 Qc6 46. Kf1 Rh1+ 47. Bg1
Qf3+ 48. Ke1 Rxc3 49. Qxf3 Rxf3 50. Kd2 Rb3 51. Kc2 Rxb4 52. Be3 Rh2 0-1

[Event "28. Schweinfurt Open"]
[Site "Schweinfurt"]
[Date "2018.06.02"]
[Round "5.13"]
[White "Koehler, Michael"]
[Black "Drewes, Thomas"]
[Result "1/2-1/2"]
[WhiteElo "1603"]
[BlackElo "1770"]
[PlyCount "45"]
[EventDate "2018.??.??"]
[WhiteTeam "SC Prichsenstadt"]
[BlackTeam "SV Würzburg von 1865"]

1. d4 d5 2. c4 c6 3. Nf3 Nf6 4. g3 dxc4 5. Bg2 Bf5 6. Nbd2 e6 7. Nxc4 Nbd7 8.
O-O Nb6 9. Nce5 Be7 10. Ng5 Bg6 11. Nxg6 hxg6 12. Nf3 Nbd7 13. Rb1 Qa5 14. a3
Qh5 15. Qd3 O-O-O 16. Qc2 e5 17. dxe5 Nxe5 18. h4 Nxf3+ 19. Bxf3 Qf5 20. Qxf5+
gxf5 21. b4 a6 22. a4 Nd5 23. Bd2 1/2-1/2

[Event "28. Schweinfurt Open"]
[Site "Schweinfurt"]
[Date "2018.06.02"]
[Round "5.14"]
[White "Blank, Stefan"]
[Black "Roth, Ludwig"]
[Result "1-0"]
[WhiteElo "1766"]
[BlackElo "1578"]
[PlyCount "89"]
[EventDate "2018.??.??"]
[WhiteTeam "SC Sulzbach"]
[BlackTeam "Spvgg 1946 Stetten"]

1. e4 d6 2. d4 Nf6 3. f3 g6 4. c4 Bg7 5. Be3 O-O 6. Qd2 Na6 7. Nc3 c5 8. Rd1
Qa5 9. Nge2 Be6 10. Nf4 cxd4 11. Bxd4 Rac8 12. Bxf6 Bxf6 13. Nfd5 Nb4 14. Nxf6+
exf6 15. a3 Na6 16. Nb5 Qb6 17. Qd4 Qxd4 18. Rxd4 Nc5 19. b4 Nb3 20. Rd1 Bxc4
21. Nxd6 Bxf1 22. Nxc8 Bxg2 23. Ne7+ Kg7 24. Rg1 Bxf3 25. Rd3 Bxe4 26. Re3 Nd4
27. Rxe4 Nf3+ 28. Kf2 Nxg1 29. Kxg1 Re8 30. Nf5+ Kf8 31. Rxe8+ Kxe8 32. Nd6+
Kd7 33. Nxb7 Kc6 34. Nc5 f5 35. Kf2 g5 36. Ke3 h5 37. Kd4 f6 38. a4 h4 39. Nd3
f4 40. Ke4 a6 41. h3 Kd6 42. Kf5 Kd5 43. b5 a5 44. Nf2 f3 45. Kxf6 1-0

[Event "28. Schweinfurt Open"]
[Site "Schweinfurt"]
[Date "2018.06.02"]
[Round "5.15"]
[White "Weineck, Ekkehard"]
[Black "Brux, Juergen"]
[Result "0-1"]
[WhiteElo "1594"]
[BlackElo "1757"]
[PlyCount "148"]
[EventDate "2018.??.??"]
[WhiteTeam "SV Würzburg von 1865"]
[BlackTeam "DT Münnerstadt"]

1. e4 c5 2. Nf3 d6 3. d4 cxd4 4. Nxd4 Nf6 5. Nc3 g6 6. Be2 Bg7 7. O-O O-O 8.
Be3 a6 9. a4 Bd7 10. Qd2 Nc6 11. b4 Rc8 12. b5 Nb8 13. bxa6 bxa6 14. Bd3 Ng4
15. Nce2 Nxe3 16. fxe3 a5 17. Ra3 Nc6 18. Nxc6 Rxc6 19. Bb5 Rc5 20. Nd4 Qc7 21.
c4 Re5 22. Qd3 Bc8 23. Nc6 Rg5 24. Qd2 Bb7 25. Qxa5 Qxa5 26. Nxa5 Bxe4 27. Rf2
Ra8 28. Nc6 Bf8 29. a5 Bxc6 30. Bxc6 Raxa5 31. Rxa5 Rxa5 32. Rf1 Rc5 33. Bd5 e6
34. Bf3 Rxc4 35. e4 Bg7 36. h3 h5 37. Rd1 Be5 38. Kf1 Rc2 39. g4 hxg4 40. hxg4
Bg3 41. Be2 Bf4 42. Kf2 Kg7 43. Kf3 g5 44. Rd3 Rc1 45. Rd1 Kf6 46. Rxc1 Bxc1
47. Bd3 Ke5 48. Bb1 d5 49. Bc2 d4 50. Bd3 Kd6 51. Ke2 Kc5 52. Bb1 Kc4 53. Bd3+
Kc3 54. Bb1 Kb2 55. Bd3 e5 56. Kd1 Be3 57. Bc2 Kc3 58. Bb1 d3 59. Ba2 Kd4 60.
Bd5 Bf4 61. Bc6 Ke3 62. Bd5 f6 63. Bc6 Kf3 64. Bd7 Kxe4 65. Bf5+ Ke3 66. Ke1 e4
67. Kd1 Kf3 68. Ke1 d2+ 69. Kd1 e3 70. Bd3 Kxg4 71. Be2+ Kg3 72. Bf1 Kf2 73.
Be2 f5 74. Bd3 g4 0-1

[Event "28. Schweinfurt Open"]
[Site "Schweinfurt"]
[Date "2018.06.02"]
[Round "5.16"]
[White "Reichert, Josef"]
[Black "Voelker, Joachim"]
[Result "1/2-1/2"]
[WhiteElo "1508"]
[BlackElo "1749"]
[PlyCount "98"]
[EventDate "2018.??.??"]
[WhiteTeam "SC Maßbach 1951"]
[BlackTeam "SK Schweinfurt 2000"]

1. d4 d5 2. c4 e6 3. Nc3 c5 4. e3 Nc6 5. Nf3 Nf6 6. Bd3 cxd4 7. exd4 dxc4 8.
Bxc4 Be7 9. O-O O-O 10. h3 a6 11. a4 Nb4 12. Be3 b6 13. Qe2 Bb7 14. Rfd1 Nfd5
15. Nxd5 Bxd5 16. Bxd5 Qxd5 17. Rdc1 Rfc8 18. Qd1 Qb7 19. Rxc8+ Rxc8 20. Rc1
Nd5 21. Rxc8+ Qxc8 22. Qc1 Qxc1+ 23. Bxc1 f6 24. Kf1 Kf7 25. Ke2 Ke8 26. Bd2
Kd7 27. Kd3 Kc6 28. Kc4 Bd6 29. b4 b5+ 30. axb5+ axb5+ 31. Kb3 Bf4 32. Be1 Nb6
33. g3 Bh6 34. Ng1 Nc4 35. f4 g6 36. Kc3 Kd5 37. Kd3 Nb2+ 38. Kc3 Na4+ 39. Kd3
Bf8 40. Ne2 Bd6 41. Bd2 Bc7 42. Bc1 Bd6 43. Bd2 Nb2+ 44. Kc2 Nc4 45. Nc3+ Kc6
46. Ne4 Nxd2 47. Nxd6 Nf1 48. Ne4 Ne3+ 49. Kb3 Nd5 1/2-1/2

[Event "28. Schweinfurt Open"]
[Site "Schweinfurt"]
[Date "2018.06.02"]
[Round "5.17"]
[White "Scheifele, Paul"]
[Black "Reichert, Claudia"]
[Result "1-0"]
[WhiteElo "1736"]
[BlackElo "1190"]
[PlyCount "29"]
[EventDate "2018.??.??"]
[WhiteTeam "AB-Schweinheim"]
[BlackTeam "DT Münnerstadt"]

1. e4 e5 2. Nf3 Nc6 3. Bc4 Bc5 4. c3 a6 5. d4 exd4 6. cxd4 Bb4+ 7. Bd2 Bxd2+ 8.
Nbxd2 d6 9. h3 Qf6 10. Nf1 Nge7 11. Ng3 g6 12. Qd2 Nd8 13. Rd1 c6 14. e5 dxe5
15. dxe5 1-0

[Event "28. Schweinfurt Open"]
[Site "Schweinfurt"]
[Date "2018.06.02"]
[Round "5.18"]
[White "Nicola, Marius"]
[Black "Kiesel, Jannik"]
[Result "1/2-1/2"]
[WhiteElo "1517"]
[BlackElo "997"]
[PlyCount "106"]
[EventDate "2018.??.??"]
[WhiteTeam "SK Schweinfurt 2000"]
[BlackTeam "DT Münnerstadt"]

1. e4 d5 2. d4 dxe4 3. Nc3 Nf6 4. f3 exf3 5. Qxf3 Qxd4 6. Be3 Qd8 7. Bd3 Nc6 8.
Qf2 g6 9. O-O-O Ng4 10. Qf3 Nxe3 11. Qxe3 Bd7 12. Bc4 Bg7 13. Bxf7+ Kxf7 14.
Nh3 Rf8 15. Ng5+ Kg8 16. Ne6 Qc8 17. Nxf8 Qxf8 18. Kb1 Bg4 19. Rdf1 Bf6 20. h3
Bd7 21. g4 Qg7 22. Ne4 Bxb2 23. Qb3+ Be6 24. Qxe6+ Kh8 25. Ng5 Ba1 26. Nf7+ Kg8
27. Ne5+ Kh8 28. Nd3 Nb4 29. Rf7 Qd4 30. Rxh7+ Kxh7 31. Qxe7+ Kh6 32. g5+ Kh5
33. Qh7+ Kxg5 34. Qe7+ Kh6 35. Qxb4 Qxb4+ 36. Nxb4 Be5 37. Re1 Bd6 38. c3 Rf8
39. Re3 Rf1+ 40. Kc2 Rf2+ 41. Kb3 Rh2 42. Nd5 g5 43. Nf6 Kg6 44. Ng4 Rh1 45.
Re6+ Kf5 46. Rf6+ Ke4 47. Nf2+ Ke5 48. Rxd6 Kxd6 49. Nxh1 Ke5 50. Nf2 Kf4 51.
Kc4 Kf3 52. Ng4 Kg3 53. Kd5 Kxh3 1/2-1/2

[Event "28. Schweinfurt Open"]
[Site "Schweinfurt"]
[Date "2018.06.02"]
[Round "5.19"]
[White "Bardorz, Stefan"]
[Black "Orf, Niklas"]
[Result "1-0"]
[WhiteElo "1714"]
[BlackElo "1893"]
[PlyCount "45"]
[EventDate "2018.??.??"]
[WhiteTeam "TSV 1869 Rottendorf"]
[BlackTeam "SK 1933 Bad Neustadt"]

1. e4 e6 2. d4 d5 3. e5 c5 4. Nf3 Nc6 5. c3 Qb6 6. Be2 Bd7 7. O-O Be7 8. Re1 f6
9. Qd3 Rc8 10. exf6 Nxf6 11. Ne5 O-O 12. Nxd7 Nxd7 13. Bg4 cxd4 14. Bxe6+ Kh8
15. Bxd7 dxc3 16. Be3 cxb2 17. Bxb6 bxa1=Q 18. Bxc8 Rxc8 19. Be3 Qxa2 20. Nd2
Bf6 21. Bf4 Nb4 22. Qb5 Nc6 23. Qxb7 1-0

[Event "28. Schweinfurt Open"]
[Site "Schweinfurt"]
[Date "2018.06.02"]
[Round "5.20"]
[White "Seelmann, Noah"]
[Black "Loew, Leonid"]
[Result "1-0"]
[WhiteElo "1133"]
[BlackElo "1382"]
[PlyCount "47"]
[EventDate "2018.??.??"]
[WhiteTeam "SF Zeiler Turm"]
[BlackTeam "Allersberger SC 2000"]

1. e4 e5 2. Nf3 Nc6 3. Nc3 Nf6 4. Bc4 Bc5 5. d3 d6 6. h3 h6 7. O-O Ne7 8. Na4
Bb6 9. Nxb6 axb6 10. Nh4 c6 11. f4 b5 12. fxe5 dxe5 13. Bb3 O-O 14. Qe1 Kh7 15.
Nf5 Bxf5 16. exf5 g6 17. Qh4 Qd4+ 18. Qxd4 exd4 19. fxg6+ fxg6 20. Bf4 Rae8 21.
Bd6 Nfd5 22. Rxf8 Nf6 23. Rxe8 Nxe8 24. Bxe7 1-0

[Event "28. Schweinfurt Open"]
[Site "Schweinfurt"]
[Date "2018.06.02"]
[Round "5.21"]
[White "Scheifele, Jan"]
[Black "Dehmel, Manfred"]
[Result "0-1"]
[WhiteElo "1004"]
[BlackElo "1222"]
[PlyCount "124"]
[EventDate "2018.??.??"]
[WhiteTeam "AB-Schweinheim"]
[BlackTeam "SC KS Alzenau"]

1. e4 c5 2. Nf3 d6 3. Bb5+ Bd7 4. Bxd7+ Qxd7 5. c4 e5 6. Nc3 Nf6 7. h3 a6 8.
Qa4 Be7 9. Qxd7+ Nbxd7 10. d3 h6 11. O-O O-O 12. Re1 Bd8 13. Bd2 Ba5 14. Ne2
Bxd2 15. Nxd2 b5 16. a3 Rfb8 17. Rab1 Nb6 18. Ng3 g6 19. b3 Kg7 20. Rb2 h5 21.
Nf3 Nh7 22. Reb1 Nd7 23. cxb5 axb5 24. Ra2 Ndf8 25. Rba1 Ne6 26. Ne2 Nhg5 27.
Nxg5 Nxg5 28. a4 bxa4 29. bxa4 Ra5 30. Nc3 Rb3 31. Ra3 Rxa3 32. Rxa3 Ne6 33.
Nb5 Ra6 34. a5 Kf6 35. Kf1 Ke7 36. Ke2 Kd7 37. Kd2 Nd4 38. Nxd4 exd4 39. Kc2
Kc6 40. Kb3 Kb5 41. Kb2 Rxa5 42. Rxa5+ Kxa5 43. Kb3 g5 44. Kc4 Kb6 45. Kd5 Kc7
46. e5 dxe5 47. Kxc5 Kd7 48. Kd5 f6 49. g3 Ke7 50. Ke4 Ke6 51. f4 f5+ 52. Kf3
g4+ 53. hxg4 hxg4+ 54. Ke2 exf4 55. gxf4 Kd5 56. Kd2 Kc5 57. Ke2 Kb4 58. Kf2
Kc3 59. Ke2 Kc2 60. Kf2 Kxd3 61. Kg3 Ke3 62. Kh4 Kxf4 0-1

[Event "28. Schweinfurt Open"]
[Site "Schweinfurt"]
[Date "2018.06.02"]
[Round "5.22"]
[White "Gerhard, Georg"]
[Black "Seelmann, David"]
[Result "0-1"]
[WhiteElo "1203"]
[BlackElo "958"]
[PlyCount "24"]
[EventDate "2018.??.??"]
[WhiteTeam "TSV 1895 Karlburg"]
[BlackTeam "SF Zeiler Turm"]

1. e4 e5 2. f4 exf4 3. Nf3 Qe7 4. Nc3 d5 5. d3 Nf6 6. Qe2 Be6 7. Bxf4 Nc6 8.
O-O-O d4 9. Nb5 O-O-O 10. Nxc7 Bxa2 11. b3 Qa3+ 12. Kd2 Bb4+ 0-1

[Event "28. Schweinfurt Open"]
[Site "Schweinfurt"]
[Date "2018.06.03"]
[Round "6.2"]
[White "Gehrig, Thomas"]
[Black "Seuffert, Gabriel"]
[Result "0-1"]
[WhiteElo "2022"]
[BlackElo "2313"]
[PlyCount "94"]
[EventDate "2018.??.??"]
[WhiteTeam "SC Maßbach 1951"]
[BlackTeam "SK Schweinfurt 2000"]

1. d4 Nf6 2. c4 c5 3. Nf3 cxd4 4. Nxd4 Nc6 5. Nc3 e6 6. Bg5 a6 7. e3 Bb4 8. Qb3
Qa5 9. Bxf6 gxf6 10. Be2 Bxc3+ 11. bxc3 Ne5 12. f4 Nc6 13. Rb1 Qc7 14. O-O Na5
15. Qb4 d6 16. Rfd1 Ke7 17. Nf3 Rd8 18. Kf2 Bd7 19. g3 Rac8 20. Nd2 Qc5 21.
Rdc1 Bc6 22. Rd1 Rb8 23. a4 b6 24. Rdc1 Ba8 25. Qxc5 bxc5 26. e4 Bc6 27. Bd1
Kd7 28. Ke3 Kc7 29. Bc2 h6 30. g4 Rg8 31. Rxb8 Rxb8 32. Kd3 Rd8 33. Ke3 Rb8 34.
Kd3 Rg8 35. Rg1 f5 36. exf5 exf5 37. g5 hxg5 38. Rxg5 Rh8 39. Rxf5 Rh3+ 40. Ke2
Rxh2+ 41. Kd1 Rh1+ 42. Ke2 Rh2+ 43. Kd1 Be8 44. Rg5 Kd8 45. Rg3 Rh4 46. Rf3 Bc6
47. Ne4 f5 0-1

[Event "28. Schweinfurt Open"]
[Site "Schweinfurt"]
[Date "2018.06.03"]
[Round "6.3"]
[White "Milovanovic, Milos"]
[Black "Hofstetter, Hans-Joachim"]
[Result "1/2-1/2"]
[WhiteElo "1829"]
[BlackElo "2161"]
[PlyCount "32"]
[EventDate "2018.??.??"]
[WhiteTeam "SF Gottmadingen"]
[BlackTeam "SK 1933 Bad Neustadt"]

1. e4 e5 2. Nf3 Nc6 3. Bb5 Nf6 4. d3 d6 5. c3 g6 6. O-O Bg7 7. h3 Bd7 8. Re1
O-O 9. Nbd2 a6 10. Ba4 b5 11. Bc2 d5 12. exd5 Nxd5 13. Ne4 Re8 14. Bb3 Nf4 15.
Bxf7+ Kxf7 16. Bxf4 h6 1/2-1/2

[Event "28. Schweinfurt Open"]
[Site "Schweinfurt"]
[Date "2018.06.03"]
[Round "6.4"]
[White "Seidens, Udo"]
[Black "von Zimmermann, Georg"]
[Result "0-1"]
[WhiteElo "2169"]
[BlackElo "2034"]
[PlyCount "72"]
[EventDate "2018.??.??"]
[WhiteTeam "SK Schweinfurt 2000"]
[BlackTeam "MSA Zugzwang 82"]

1. c4 e5 2. g3 g6 3. Bg2 Bg7 4. Nc3 c5 5. e3 Nc6 6. Nge2 Nge7 7. a3 O-O 8. Rb1
d6 9. b4 f5 10. b5 Nb8 11. Bb2 Nd7 12. d3 Nf6 13. O-O g5 14. Nd5 Nfxd5 15. cxd5
f4 16. Nc3 Nf5 17. Bc1 g4 18. exf4 exf4 19. Ne4 f3 20. Bh1 Nd4 21. Re1 Bf5 22.
Bg5 Qd7 23. a4 Rae8 24. Qd2 Bxe4 25. dxe4 Qf7 26. h4 Qg6 27. Qd3 Re5 28. Bf4
Rh5 29. Qd2 Re8 30. b6 a6 31. Qd3 Be5 32. Be3 h6 33. Rbc1 Qf6 34. Rc4 Rxh4 35.
Bxd4 cxd4 36. gxh4 Qf4 0-1

[Event "28. Schweinfurt Open"]
[Site "Schweinfurt"]
[Date "2018.06.03"]
[Round "6.5"]
[White "Schmitz, Wolfgang"]
[Black "Kuhn, Norbert"]
[Result "0-1"]
[WhiteElo "2046"]
[BlackElo "2076"]
[PlyCount "94"]
[EventDate "2018.??.??"]
[WhiteTeam "SC Prichsenstadt"]
[BlackTeam "SV Würzburg von 1865"]

1. e4 e6 2. d4 d5 3. Nc3 Bb4 4. e5 c5 5. a3 Bxc3+ 6. bxc3 Qc7 7. Nf3 Ne7 8. Bd3
b6 9. O-O Ba6 10. Bxa6 Nxa6 11. Qd3 Nb8 12. a4 Nec6 13. Rb1 Nd7 14. Ba3 Na5 15.
Nd2 O-O 16. f4 f5 17. Kh1 g6 18. Qa6 Rfc8 19. Rf3 cxd4 20. cxd4 Qc6 21. h4 Qxa4
22. Bb4 Qxc2 23. Bxa5 Qa4 24. Nb3 bxa5 25. Qxe6+ Kf8 26. Qd6+ Ke8 27. e6 Nb6
28. Nc5 Qc6 29. Rxb6 axb6 30. Qd7+ Qxd7 31. exd7+ Kd8 32. dxc8=Q+ Rxc8 33. Na4
Rc1+ 34. Kh2 b5 35. Nc3 b4 36. Nxd5 Rd1 37. h5 Rxd4 38. Nb6 Kc7 39. Na4 Kc6 40.
hxg6 hxg6 41. Rb3 Kb5 42. Nb2 a4 43. Nxa4 Kxa4 44. Re3 Rxf4 45. Re8 b3 46. Ra8+
Kb4 47. Rb8+ Kc3 0-1

[Event "28. Schweinfurt Open"]
[Site "Schweinfurt"]
[Date "2018.06.03"]
[Round "6.6"]
[White "Neubauer, Jaroslaus"]
[Black "Maar, Samuel"]
[Result "0-1"]
[WhiteElo "2020"]
[BlackElo "1992"]
[PlyCount "40"]
[EventDate "2018.??.??"]
[WhiteTeam "SK Schweinfurt 2000"]
[BlackTeam "Sfr. Bad Emstal/Wolfhagen"]

1. e4 c5 2. c3 d5 3. exd5 Qxd5 4. d4 Nc6 5. Nf3 Bf5 6. Be3 cxd4 7. cxd4 Bxb1 8.
Qxb1 e5 9. dxe5 Bb4+ 10. Bd2 Bxd2+ 11. Nxd2 Rd8 12. Qd1 Nxe5 13. Qa4+ Kf8 14.
O-O-O Ne7 15. Be2 N7c6 16. Ne4 Nd4 17. Qb4+ Kg8 18. Rxd4 Qxd4 19. Rd1 Qxd1+ 20.
Bxd1 Nd3+ 0-1